Mahatma Chanakya / (Record no. 193197)

MARC details
000 -LEADER
fixed length control field 00575nam a22001937a 4500
005 - DATE AND TIME OF LATEST TRANSACTION
control field 20221017163936.0
010 ## - LCCN (DPL NO)
LC control number B-746003
020 ## - INTERNATIONAL STANDARD BOOK NUMBER
International Standard Book Number 9789384540111
Terms of availability 300.00
035 ## - SYSTEM CONTROL NUMBER
System control number B-746003
037 ## - SOURCE OF ACQUISITION
Source of stock number/acquisition Noida Book Publishing
082 ## - DEWEY DECIMAL CLASSIFICATION NUMBER
Classification number 921
100 ## - MAIN ENTRY--PERSONAL NAME
Personal name Tiwari, Reema
245 ## - TITLE STATEMENT
Title Mahatma Chanakya /
Statement of responsibility, etc by Reema Tiwari
260 ## - PUBLICATION, DISTRIBUTION, ETC. (IMPRINT)
Place of publication, distribution, etc Noida
Name of publisher, distributor, etc Noida Book Publishing
Date of publication, distribution, etc 2021
270 ## - ADDRESS
Address B-114, Sector-55
City Noida
Postal code 55
300 ## - PHYSICAL DESCRIPTION
Extent 104p.
Dimensions 22cm(Hb)
942 ## - ADDED ENTRY ELEMENTS (KOHA)
Source of classification or shelving scheme Dewey Decimal Classification
Item type English Books
Call number suffix TIW
Classification part 921
Holdings
Withdrawn status Lost status Not for loan Collection code Home library Current library Date acquired Source of acquisition Cost, normal purchase price Full call number Barcode Copy number Cost, replacement price Koha item type
      Non-fiction Central Library Central Library 17/10/2022 Gift 300.00 921 TIW B-746003 1 300.00 English Books

© Delhi Public Library
Hit Counter
free hit counter